| 000 | 00330nam a22001217a 4500 | ||
|---|---|---|---|
| 999 |
_c18993 _d18993 |
||
| 008 | 210625b xxu||||| |||| 00| 0 eng d | ||
| 020 | _a1973339212 | ||
| 050 |
_aHJ9925 _b.P74 c.1 |
||
| 100 | _aPremium, Nhyira | ||
| 245 |
_aPublic sector accounting _baccounting and finance _c Nhyira Premium |
||
| 300 | _a242p. | ||
| 942 |
_2lcc _cBK |
||